La práctica del imperio

Na minha lista:
Detalhes bibliográficos
Autor principal: Koenigsberger, Helmut G (Author)
Formato: Livro
Idioma:espanhol
Publicado em: Madrid Revista de Occidente 1975
Colecção:Biblioteca de Ciencias Históricas
Assuntos:
Tags: Adicionar Tag
Sem tags, seja o primeiro a adicionar uma tag!

MARC

LEADER 00000nam a2200000 a 4500
001 UCP6383
003 CL-VaPUC
008 991022e19750000SP |||||||||||||||||spa|d
082 0 4 |a 946.04  |b KOE  |2 21 
100 |a Koenigsberger, Helmut G  |e author  |9 440956 
245 1 3 |a La práctica del imperio 
300 |a 252 p 
942 |c BK 
945 |d 19991022 00:00:00  |a lriquelm 
260 |a Madrid  |b Revista de Occidente  |c 1975 
650 7 |a IMPERIO SICILIANO  |2 CL-VaPUC  |9 386779 
650 7 |a IMPERIOS  |2 CL-VaPUC  |9 376543 
650 7 |a ORGANIZACION POLITICA  |2 CL-VaPUC  |9 257437 
650 0 |a Virreyes  |9 386780 
651 0 |a España  |9 254926 
583 |a last modification  |c 20170406 04:28:02  |k Rodrigo Vera 
490 0 |a Biblioteca de Ciencias Históricas 
999 |c 283970  |d 283968 
952 |0 0  |1 0  |4 0  |6 946_040000000000000_KOE_1975  |7 0  |8 A  |9 327538  |a BIBHIS  |b BIBHIS  |d 2019-11-20  |i 1383493  |o 946.04 KOE 1975  |p 1383493  |r 2025-01-20  |w 2019-11-20  |y BK  |k HIS